| 000 | 00692nam a22002057a 4500 | ||
|---|---|---|---|
| 003 | 0 | ||
| 005 | 20250129104206.0 | ||
| 008 | 150928b xxu||||| |||| 00| 0 eng d | ||
| 050 |
_aPGS RJ 399.C6 _b.P232 2015 |
||
| 100 | _aParis, Ethan David S. | ||
| 245 |
_aBody mass index and lifestyle habits / _cEthan David S. Paris. |
||
| 260 |
_aLas PiƱas City, Philippines : _bSouthville International School and Colleges, _c2015. |
||
| 300 |
_a29 p. : _bill. ; _c28 cm. |
||
| 504 | _aIncludes bibliographical references. | ||
| 650 | _aBody mass index. | ||
| 650 | _aHealth behavior. | ||
| 650 |
_aObesity _vPrevention and control. |
||
| 650 |
_aLifestyle _vHealth aspects. |
||
| 942 |
_2lcc _cPASS |
||
| 999 |
_c288760 _d288760 |
||